En el bosque = Into the Woods /
Película para el público infantil que ofrece una compleja moraleja sobre la responsabilidad, la venganza y la felicidad a través de una recreación de las historias interconectadas de personajes de cuentos de hadas y maravillosos: Cenicienta, Caperucita Roja, Juanito y los frijoles mágicos, Rapunzel,...
Gardado en:
| Autor Principal: | |
|---|---|
| Outros autores: | , , |
| Formato: | |
| Idioma: | inglés |
| Temas: | |
| Etiquetas: |
Sen Etiquetas, Sexa o primeiro en etiquetar este rexistro!
|
MARC
| LEADER | 00000ngm^a2200000^a^4500 | ||
|---|---|---|---|
| 001 | 000411159 | ||
| 005 | 20250521000000.0 | ||
| 009 | 20260310122106.393 | ||
| 037 | |a Acervo ITESO - Biblioteca | ||
| 041 | |a ING | ||
| 082 | |a 808. 899282 |b DIS 2014 | ||
| 100 | |a Marshall, Rob |e (realización) | ||
| 240 | 1 | 1 | |a [En el bosque] |
| 245 | 1 | 0 | |a En el bosque = |b Into the Woods / |c Realización de R. Marshall. |
| 264 | 2 | |a México : |b WDC [distribución], |c copyright fecha no identificada | |
| 300 | |a 1 DVD regiones 1 y 4 (125 min.) : |b color | ||
| 336 | |a imagen móvil bidimensional |b tdi |2 rdacontenido | ||
| 337 | |a video |b v |2 rdamedio | ||
| 338 | |a videodisco |b vd |2 rdasoporte | ||
| 500 | |a Basado en: Into the Woods, de Stephen Sondheim, James Lapine | ||
| 520 | |a Película para el público infantil que ofrece una compleja moraleja sobre la responsabilidad, la venganza y la felicidad a través de una recreación de las historias interconectadas de personajes de cuentos de hadas y maravillosos: Cenicienta, Caperucita Roja, Juanito y los frijoles mágicos, Rapunzel, así como un panadero con su esposa ni la bruja protagonista obtienen el final feliz y deben enfrentar las consecuencias de sus actos. | ||
| 546 | |a En inglés, con subtítulos opcionales: español, inglés | ||
| 546 | |a Doblaje opcional: español | ||
| 649 | |a XX | ||
| 650 | |a Personajes de Ficción en el Cine | ||
| 650 | |a Películas Infantiles | ||
| 650 | |a Películas Musicales | ||
| 650 | |a Cine Norteamericano - |y 2010-2019 | ||
| 650 | |a Cine Norteamericano - |y Siglo XXI | ||
| 650 | |a Teatro Norteamericano - |x Adaptaciones para Cine | ||
| 650 | |a Literatura Norteamericana - |y Siglo XX - |x Adaptaciones para Cine | ||
| 650 | |a Literatura y Cine | ||
| 650 | |a Esterilidad | ||
| 650 | |a Belleza Personal | ||
| 650 | |a Felicidad | ||
| 650 | |a Daños y Perjuicios - |x Tema Principal | ||
| 650 | |a Responsabilidad - |x Tema Principal | ||
| 650 | |a Individualismo - |x Tema Principal | ||
| 650 | |a Encantamientos | ||
| 650 | |a Venganza | ||
| 650 | |a Magia en el Cine | ||
| 700 | |a Streep, Meryl |e (actuación) | ||
| 700 | |a Blunt, Emily |e (actuación) | ||
| 700 | |a Corden, James |e (actuación) | ||
| 910 | |a Fondo General | ||
| 920 | |a Audiovisuales - DVDs | ||
| 940 | |a Películas | ||
| 905 | |a 308 | ||
| 901 | |a 0500319662 |b IT2 |c DVR |i C161596 |u 20250521 | ||
| 902 | |a https://opac.biblio.iteso.mx/vufind/Record/000411159 | ||